1927 1736 1996 1198 1463 1517 1135 1435 1974 1651 1928 1007 1102 1376 1671 1730 1772 1811 1638 1163 1615 1707 1205 1567 1994 1675 1802 1158 1405 1937 1260 1674 1132 1799 1494 1872 1643 1859 1720 1027 1643 1634 1384 1348 1326 1866 1952 1619 1024 1854 1381 1627 1303 1873 1911 1737 1602 1998 1162 1776 1631 1075 1180 1666 1112 1724 1244 1518 1837 1571 1290 1301 1678 1879 1645 1329 1295 1858 1098 1681 1042 1704 1755 1834 1612 1339 1712 1794 1939 1231 1326 1860 1965 1096 1241 1273 1182 1570 1199 BCNSPRNW ULIB Ver.6.0+V

เปลี่ยนเป็นภาษาไทย

Change to English
 แสดงรายละเอียดบรรณานุกรม
  กลับหน้าหลัก

Brief Record : Get Marc (ISO 2709) : E-mail record : QR code < ปิดหน้าต่าง
LEADER : 00000nam 2200000uu 4500
001    13399127056
003     ULIB
008    020711s2557 th a 000 0 tha d
020    ^a9786162273926
060    ^aWS103^bต-ก
100    ^aตุ๊บปอง
245    ^aก็ได้ ก็ได้ ชุดสนุกนึก สนุกนับ
250    ^aพิมพ์ครั้งที่ 1
260    ^aกรุงเทพฯ :^bบริษัท แปลน ฟอร์ คิดส์ จำกัด,^c2557
300    ^a24 หน้า;^b21 ซม.
650    ^aเด็ก^xการเรียนการสอน
945    ^p95^l0^i006244
999    ^aประนอม เกษจรัล
รายการนี้ยังไม่มีแท็ก
คุณยังไม่ได้ล็อกอิน คุณสามารถมีกิจกรรมร่วมกับเว็บไซต์ได้ แต่ต้องล็อกอินก่อน ::
  ล็อกอิน

รายการสื่อสารสนเทศ

ลำดับที่ ประเภท เลขเรียก/บาร์โค้ด สถานที่ สถานะ
1. วิทยาศาสตร์การแพทย์ และสุขภาพ
วิทยาศาสตร์การแพทย์ และสุขภาพ
WS103 ต-ก ฉ.1 
  Barcode: 006244
ห้องสมุดวิทยาเขตสวรรค์ประชารักษ์
►หนังสือทั่วไป
บนชั้น

รายการใกล้เคียง
    ผู้แต่ง [ตุ๊บปอง]

BibComment


ยังไม่เคยถูกคอมเมนท์

คอมเมนท์ทรัพยากรรายการนี้
  คอมเมนท์: ก็ได้ ก็ได้ ชุดส..


 Copyright 2026. Bcnsprnw @Library